000
00259nam a2200109Ia 4500
008
190914s9999||||xx |||||||||||||| ||und||
100
_a
Doctor Siddiqa Arman
245
0
_a
Sad Khalish
260
_a
Karachi
_b
Library Promotion
_c
2001
300
_a
452
942
_c
BK
999
_c
8672
_d
8672